LEADER 01316nam a2200289 u 4500 001 000000107458 003 CaOOAMICUS 005 20071009122412.0 008 071009s2006 it d u000 u ita u 020 $z978-88-350-2039-4* 040 $aPUL$bita$dLDB 110 2 $aCentro studi per la scuola cattolica (CSSC).$0(OLS)http://pul/name/65947 245 13$aIl ruolo degli insegnanti nella scuola cattolica /$cCSSC Centro studi per la scuola cattolica. 260 $aBrescia :$bLa Scuola,$cc2006. 300 $a397 p. :$bgraf. ;$c23 cm. 490 1 $aScuola d'oggi 500 $aSul front.: Scuola cattolica in Italia, ottavo rapporto. 504 $aBibliografia in nota. 650 4$aInsegnanti$xComportamento.$0(OLS)http://pul/subject/27403 650 4$aScuola cattolica$zItalia.$0(OLS)http://pul/subject/19625 830 0$aScuola d'oggi (La Scuola).$0(OLS)http://pul/title/82760 850 $aPUL 852 $aPUL$W1$xSL Diritto e Scienze Sociali 3$y79$m377. 8245 CSSC 1$j122143$qDDC 21$B121122$CPULBib$Z2$F121122 $H102764 $82 941 1 $a9 996 $6020$z978-88-350-2039-4*$9(OLS)http://pul/number/135831 996 $6245$aIl ruolo degli insegnanti nella scuola cattolica$9(OLS)http://pul/title/135334 996 $6260$aBrescia :$bLa Scuola$9(OLS)http://pul/publisher/48404 LEADER 01276nam a2200337 a 4500 001 000000123438 003 CaOOAMICUS 005 20101020120138.0 008 101020t1993 it u000 u ita r 020 $a88-339-0807-0 040 $aPUL$bita 041 1 $aita$heng 082 04$a003.3 100 1 $aWoolley, Benjamin.$0(OLS)http://pul/name/77730 240 10$aVirtual worlds.$lItaliano.$0(OLS)http://pul/title/155562 245 10$aMondi virtuali /$cBenjamin Woolley. 260 $aTorino :$bBollati Boringhieri,$c©1993. 300 $a322 p. ;$c23 cm 490 1 $aSaggi 500 $aInclude indice. 504 $aInclude riferimenti bibliografici. 650 4$aRealtą virtuale.$0(OLS)http://pul/subject/37255 830 0$aSaggi (Bollati Boringhieri).$0(OLS)http://pul/title/21411 850 $aPUL 852 $aPUL$W1$xSL Cons. Gen., Altre Classi 3$y75$m003. 3 WOOBE 1$j142074$qDDC 21$B141053$CPULBib$Z2$F141053 $H114908 $82 941 1 $a9 996 $6020$a88-339-0807-0$9(OLS)http://pul/number/145674 996 $6082$a003.3$9(OLS)http://pul/classification/1696 996 $6245$aMondi virtuali$9(OLS)http://pul/title/155563 996 $6260$aTorino :$bBollati Boringhieri$9(OLS)http://pul/publisher/47883